Normal view
MARC view
- Khan, Sardar Muhammad Iqbal Mokal
Entry Personal Name
001 - CONTROL NUMBER
- control field: 5587
003 - CONTROL NUMBER IDENTIFIER
- control field: OSt
005 - DATE AND TIME OF LATEST TRANSACTION
- control field: 20231120035456.0
008 - FIXED-LENGTH DATA ELEMENTS
- fixed length control field: 231120|| aca||aabn | a|a d
040 ## - CATALOGING SOURCE
- Original cataloging agency: OSt
- Transcribing agency: OSt
100 ## - HEADING--PERSONAL NAME
- Personal name: Khan, Sardar Muhammad Iqbal Mokal
670 ## - SOURCE DATA FOUND
- Source citation: Work cat.: (OSt): Khan, Sardar Muhammad Iqbal Mokal, Mulla on Transfer of Property Act/, 1987
